00297nam a2200121Ia 45000030006000000080041000060400015000471000033000622450042000952600009001375460012001460050017001580STCL150530s9999 xx 000 0 und d aSTCLcSTCL aWarner, G.T.; Marten, C.H.K. aGroundwork of British history part II c1911 aEnglish20220125171436.0